Agro y medio ambiente / (Registro nro. 792)
[ vista simple ]
| 000 -CABECERA | |
|---|---|
| Campo de control | 00753cam a2200253 i 4500 |
| 005 - FECHA Y HORA DE LA ULTIMA TRANSACCION | |
| Campo de control | 20161115100702.0 |
| 008 - ELEMENTOS DE LONGITUD FIJA—INFORMACION GENERAL | |
| Campo de control | 981001s1998 ck b 100 0 spa |
| 020 ## - ISBN | |
| ISBN | 9589272878 |
| 040 ## - FUENTE DE CATALOGACIÓN | |
| Agencia catalogadora original | DLC |
| Agencia transcriptora | DLC |
| Agencia Modificadora | CO-BoIAVH |
| 041 ## - IDIOMA | |
| Código de idioma para texto/pista de sonido o título separado | Español |
| 042 ## - AUTHENTICATION CODE | |
| Authentication code | pcc |
| 043 ## - GEOGRAPHIC AREA CODE | |
| Geographic area code | s-ck--- |
| 044 ## - PAÍS DE PUBLICACIÓN | |
| País de publicación | Colombia |
| 082 04 - NUMERO DE CLASIFICACION DECIMAL DEWEY | |
| Número de clasificación | 306.349 |
| Número del ítem | R17a |
| 100 1# - ASIENTO PRINCIPAL--NOMBRE PERSONAL | |
| Nombre personal | Ramírez, Jorge |
| Término relacionado | autor |
| 9 (RLIN) | 9201 |
| 245 10 - MENCION DE TITULO | |
| Título | Agro y medio ambiente / |
| Mención de responsabilidad | Jorge Ramírez y (otros tres autores) |
| 260 ## - PUBLICACION, DISTRIBUCION, ETC. (PIE DE IMPRENTA) | |
| Lugar de publicación, distribución, etc. | Cali : |
| Nombre del editor, distribuidor, etc. | Foro Nacional Ambiental, |
| Fecha de publicación, distribución, etc. | 1998. |
| 300 ## - DESCRIPCION FISICA | |
| Extensión | 150 p. ; |
| Dimensiones | 21 cm. |
| 650 14 - ASIENTO SECUNDARIO DE MATERIA - TERMINO TEMATICO | |
| Término temático o nombre geográfico como elemento de entrada | Agricultura |
| Subdivisión general | Aspectos ambientales |
| Subdivisión geográfica | Colombia |
| 9 (RLIN) | 77067 |
| 700 1# - ASIENTO SECUNDARIO - NOMBRE PERSONAL | |
| Nombre personal | Fajardo, Diego |
| Término de relación | autor |
| 9 (RLIN) | 77068 |
| 700 1# - ASIENTO SECUNDARIO - NOMBRE PERSONAL | |
| Nombre personal | Casas, Fernando |
| Término de relación | autor |
| 9 (RLIN) | 9206 |
| 700 1# - ASIENTO SECUNDARIO - NOMBRE PERSONAL | |
| Nombre personal | Torres, Ricardo |
| Término de relación | autor |
| 9 (RLIN) | 9207 |
| 942 ## - ELEMENTOS ADICIONALES (KOHA) | |
| Sistema de clasificación | Dewey Decimal Classification |
| Tipo de ítem | Libro |
| Withdrawn status | Lost status | Sistema de Clasificación | Damaged status | No para préstamo | Colección | Inventariado | Ubicación Permanente | Ubicación actual | Fecha de adquisición | Valor | Total Checkouts | Número topográfico | Inventario / Código de Barras | Date last seen | Ejemplar | Price effective from | Forma de adquisición | Tipo de material | Fuente de Valor |
|---|---|---|---|---|---|---|---|---|---|---|---|---|---|---|---|---|---|---|---|
| Dewey Decimal Classification | General | Inventariado 2017 | Bogotá | Bogotá | 04/12/2012 | 39000.00 | LB-306.349 R17a | 001121 | 04/12/2012 | Ej. 1 | 04/12/2012 | Libro | |||||||
| Dewey Decimal Classification | General | Inventariado 2017 | Sala Fabio Quevedo | Sala Fabio Quevedo | 04/12/2012 | 39000.00 | LB-306.349 R17a | 001120 | 04/12/2012 | Ej. 2 | 04/12/2012 | Donación | Libro | ||||||
| Local | General | Villa de Leyva | Villa de Leyva | 18/01/2005 | LB-00778 | 017039 | 04/12/2012 | Ej. 1 | 04/12/2012 | Libro | Hernández,Sarah |